Back to basics (Record no. 76796)

MARC details
000 -LEADER
fixed length control field 00724cab a2200193 4500
001 - CONTROL NUMBER
control field ##L133086
008 - FIXED-LENGTH DATA ELEMENTS--GENERAL INFORMATION
fixed length control field 060410n2006 000 0 eng u
035 ## - SYSTEM CONTROL NUMBER
System control number (Sirsi) u133086
041 0# - LANGUAGE CODE
Language code of text/sound track or separate title eng
100 1# - MAIN ENTRY--PERSONAL NAME
Personal name Lawson, David
245 00 - TITLE STATEMENT
Title Back to basics
Remainder of title facilities management
260 ## - PUBLICATION, DISTRIBUTION, ETC.
Date of publication, distribution, etc. 2006
490 #0 - SERIES STATEMENT
Series statement Property Week
Volume/sequential designation 71(14) 7 April2006, 103(1)
520 ## - SUMMARY, ETC.
Summary, etc. Presents an insight into the responsibilities, role and objectives of those who work in the facilities profession, with specific reference to the facilities management faculty at RICS.
590 ## - LOCAL NOTE (RLIN)
Local note IKA110406
650 24 - SUBJECT ADDED ENTRY--TOPICAL TERM
Topical term or geographic name entry element ROYAL INSTITUTION OF CHARTERED SURVEYORS
690 ## - LOCAL SUBJECT ADDED ENTRY--TOPICAL TERM (OCLC, RLIN)
Topical term or geographic name as entry element ABOUT RICS-RICS FACULTIES-RICS FACILITIES MANAGEMENT FACULTY
942 ## - ADDED ENTRY ELEMENTS (KOHA)
Suppress in OPAC 0
Holdings
Withdrawn status Lost status Source of classification or shelving scheme Damaged status Not for loan Home library Current library Shelving location Date acquired Total Checkouts Full call number Barcode Date last seen Copy number Price effective from Koha item type
    Dewey Decimal Classification     London London Journal article 10/04/2006   L133086 133086-1001 06/08/2019 1 06/08/2019 Journal article